Sports Quiz

Random Sports Quiz

New York Mets All-Stars Quiz Stats

 Plays Quiz not verified by Sporcle

Challenge
Share
Tweet
Embed
Score 0/109 Timer 09:00
0 Plays Today
Year Player % Correct
2012David Wright
98.5%
2006David Wright
98.2%
2007David Wright
98.2%
2008David Wright
98.2%
2009David Wright
98.2%
1998Mike Piazza
94.8%
1999Mike Piazza
94.8%
2000Mike Piazza
94.8%
2001Mike Piazza
94.8%
2002Mike Piazza
94.8%
2004Mike Piazza
94.8%
2005Mike Piazza
94.8%
2006Jose Reyes
93.8%
2007Jose Reyes
93.8%
1967Tom Seaver
92.6%
1968Tom Seaver
92.6%
1969Tom Seaver
92.6%
1970Tom Seaver
92.6%
1971Tom Seaver
92.6%
1972Tom Seaver
92.6%
1973Tom Seaver
92.6%
1975Tom Seaver
92.6%
1976Tom Seaver
92.6%
1984Darryl Strawberry
92.4%
1985Darryl Strawberry
92.4%
1986Darryl Strawberry
92.4%
1987Darryl Strawberry
92.4%
1988Darryl Strawberry
92.4%
1989Darryl Strawberry
92.4%
1990Darryl Strawberry
92.4%
1984Dwight Gooden
92.2%
1985Dwight Gooden
92.2%
1986Dwight Gooden
92.2%
1988Dwight Gooden
92.2%
2005Carlos Beltran
92%
2006Carlos Beltran
92%
2007Carlos Beltran
92%
Year Player % Correct
2009Carlos Beltran
92%
1984Keith Hernandez
90.2%
1986Keith Hernandez
90.2%
1987Keith Hernandez
90.2%
2009Johan Santana
86.4%
1985Gary Carter
86%
1986Gary Carter
86%
1987Gary Carter
86%
1988Gary Carter
86%
1989Howard Johnson
85.2%
1991Howard Johnson
85.2%
1996Lance Johnson
84.8%
2010David Wright
77.4%
1969Cleon Jones
76.2%
1997Bobby Jones
76%
1968Jerry Koosman
75%
1969Jerry Koosman
75%
2010Jose Reyes
74.5%
1985Ron Darling
73.9%
2000Edgardo Alfonzo
72.9%
2000Al Leiter
72.7%
2005Pedro Martinez
70.3%
2006Pedro Martinez
70.3%
1986Sid Fernandez
69.3%
1987Sid Fernandez
69.3%
1990John Franco
69.1%
1988David Cone
68.1%
1992David Cone
68.1%
2006Paul Lo Duca
67.7%
2007Billy Wagner
67.7%
2008Billy Wagner
67.7%
2004Tom Glavine
67.1%
2006Tom Glavine
67.1%
2012R.A. Dickey
65.7%
1996Todd Hundley
65.5%
1997Todd Hundley
65.5%
2009Francisco Rodriguez
60.3%
Year Player % Correct
1993Bobby Bonilla
59.9%
1995Bobby Bonilla
59.9%
1983Jesse Orosco
57.9%
1984Jesse Orosco
57.9%
2011Jose Reyes
57.7%
2011Carlos Beltran
56.9%
1965Ed Kranepool
56.7%
1972Willie Mays
55.9%
1973Willie Mays
55.9%
2003Armando Benitez
55.7%
1970Bud Harrelson
52.5%
1971Bud Harrelson
52.5%
1976Dave Kingman
52.5%
1979Lee Mazzilli
48.7%
1974Jon Matlack
46.7%
1975Jon Matlack
46.7%
1976Jon Matlack
46.7%
1972Tug McGraw
46.5%
1968Jerry Grote
45.5%
1974Jerry Grote
45.5%
1990Frank Viola
44.5%
1991Frank Viola
44.5%
1994Bret Saberhagen
44.5%
1998Rick Reed
43.1%
2001Rick Reed
43.1%
1962Richie Ashburn
42.5%
1964Ron Hunt
37.3%
1966Ron Hunt
37.3%
1977John Stearns
37.1%
1979John Stearns
37.1%
1980John Stearns
37.1%
1982John Stearns
37.1%
1963Duke Snider
33.7%
1981Joel Youngblood
25.5%
1978Pat Zachry
24.2%

You're not logged in!

Compare scores with friends on all Sporcle quizzes.
Join for Free
OR
Log In

You Might Also Like...

Show Comments

Extras

Created May 13, 2010SourceReportNominate
Tags:all-star, met, New York, player

Top Quizzes Today


Score Distribution

Your Account Isn't Verified!

In order to create a playlist on Sporcle, you need to verify the email address you used during registration. Go to your Sporcle Settings to finish the process.

Report this User

Report this user for behavior that violates our Community Guidelines.

Details: